[Event "VI Festival A"]
[Site "Cesenatico ITA"]
[Date "2001.09.10"]
[Round "2"]
[White "Drazic, Sinisa"]
[Black "Ventura, Sergio"]
[Result "1-0"]
[WhiteElo "2480"]
[BlackElo "2192"]
[PlyCount "79"]
[EventDate "2001.09.09"]

1. d4 Nc6 2. d5 Ne5 3. Nc3 e6 4. Bf4 Ng6 5. Bg3 Nf6 6. e4 e5 7. h4 h5 8. Nf3
Ng4 9. Qd2 Bb4 10. a3 Bxc3 11. Qxc3 d6 12. Bb5+ Bd7 13. Bxd7+ Qxd7 14. Ng5 O-O
15. f3 Nf6 16. O-O-O a5 17. Rd3 Qa4 18. Qb3 Qxb3 19. Rxb3 b6 20. Rc3 Ra7 21.
Kd2 a4 22. Bf2 Nd7 23. g3 Rb8 24. Ra1 Nc5 25. b4 axb3 26. cxb3 f6 27. Nh3 Ne7
28. b4 Na4 29. Rc2 Kf7 30. Rac1 Rbb7 31. Be3 Ng6 32. Ke2 Ke7 33. f4 exf4 34.
Nxf4 Nxf4+ 35. gxf4 Kf7 36. f5 g6 37. fxg6+ Kxg6 38. Kf3 f5 39. Rg1+ Kf6 40.
Bd4+ 1-0

[Event "VI Festival A"]
[Site "Cesenatico ITA"]
[Date "2001.09.11"]
[Round "3"]
[White "Juettner, Andreas"]
[Black "Bonanzinga, Corrado"]
[Result "0-1"]
[WhiteElo "2200"]
[BlackElo "2130"]
[PlyCount "50"]
[EventDate "2001.09.09"]

1. c4 e5 2. g3 Nf6 3. Bg2 Nc6 4. Nc3 Bc5 5. a3 a5 6. e3 O-O 7. Nge2 Re8 8. O-O
d6 9. d4 Ba7 10. h3 Bf5 11. d5 Ne7 12. b4 c6 13. dxc6 bxc6 14. b5 Rc8 15. a4
cxb5 16. Nxb5 Bc5 17. Bb2 Qd7 18. Kh2 Be4 19. Bxe4 Nxe4 20. Bxe5 Nf5 21. Bd4
Ng5 22. Nf4 Qc6 23. Nd5 Bxd4 24. Nxd4 Nxd4 25. Qxd4 Nf3+ 0-1

[Event "VI Festival A"]
[Site "Cesenatico ITA"]
[Date "2001.09.11"]
[Round "3"]
[White "Ventura, Sergio"]
[Black "Maio, Matteo"]
[Result "1-0"]
[WhiteElo "2192"]
[BlackElo "2089"]
[PlyCount "43"]
[EventDate "2001.09.09"]

1. f4 e5 2. fxe5 d6 3. exd6 Bxd6 4. Nf3 g5 5. g3 h5 6. d4 g4 7. Nh4 Be7 8. Ng2
h4 9. Bf4 hxg3 10. Bxg3 Nf6 11. Qd3 Nc6 12. c3 Qd5 13. Nd2 Bf5 14. Qc4 Qa5 15.
Nf4 Nb4 16. cxb4 Bxb4 17. O-O-O Bxd2+ 18. Rxd2 Ne4 19. Be1 Rh6 20. Rd1 Qb6 21.
Nd5 Rc6 22. Nxb6 1-0

[Event "VI Festival A"]
[Site "Cesenatico ITA"]
[Date "2001.09.11"]
[Round "4"]
[White "Drazic, Sinisa"]
[Black "Roos, Michael"]
[Result "1-0"]
[WhiteElo "2480"]
[BlackElo "2294"]
[PlyCount "129"]
[EventDate "2001.09.09"]

1. d4 Nf6 2. Nf3 g6 3. c4 Bg7 4. Nc3 O-O 5. Bf4 d6 6. e3 Nbd7 7. h3 c6 8. Be2
Qe8 9. O-O e5 10. Bh2 Qe7 11. Qc2 Ne8 12. b4 f5 13. b5 e4 14. Nd2 c5 15. dxc5
dxc5 16. Nd5 Qf7 17. Rad1 Ndf6 18. Nb1 b6 19. Nbc3 Bb7 20. Rd2 Nxd5 21. Nxd5
Nf6 22. Nxf6+ Bxf6 23. Rfd1 Rfd8 24. Rxd8+ Bxd8 25. Be5 Bf6 26. Qc3 Bxe5 27.
Qxe5 Re8 28. Qd6 Qe7 29. Qd2 Bc8 30. a4 Qc7 31. a5 Kf7 32. g4 Re7 33. Qc3 Qe5
34. Qxe5 Rxe5 35. g5 Re7 36. Ra1 Bb7 37. Kg2 Rd7 38. Kg3 Ke6 39. Ra2 Ke5 40. h4
Rd6 41. axb6 axb6 42. Ra7 Rd7 43. h5 gxh5 44. Bxh5 Rg7 45. Kh4 Re7 46. Be2 f4
47. Bh5 fxe3 48. fxe3 Kd6 49. Bg4 Rc7 50. Kh5 Rf7 51. Kh6 Ke5 52. Bh5 Re7 53.
Be8 Kf5 54. Bc6 Re6+ 55. Kh5 Bxc6 56. bxc6 Rxc6 57. Rxh7 b5 58. Rf7+ Ke5 59.
cxb5 Rb6 60. g6 Rxb5 61. g7 Rb1 62. g8=Q Rh1+ 63. Kg6 Rg1+ 64. Kh7 Rxg8 65.
Kxg8 1-0

[Event "VI Festival A"]
[Site "Cesenatico ITA"]
[Date "2001.09.11"]
[Round "4"]
[White "Wehmeier, Stefan"]
[Black "Mrdja, Milan"]
[Result "0-1"]
[WhiteElo "2377"]
[BlackElo "2399"]
[PlyCount "78"]
[EventDate "2001.09.09"]

1. d4 c5 2. d5 e6 3. e4 d6 4. Nc3 exd5 5. Nxd5 Be6 6. Nf3 Nc6 7. Bc4 Nf6 8. O-O
Be7 9. Ng5 Bxd5 10. exd5 Ne5 11. Bb5+ Kf8 12. f4 Ned7 13. Be2 h6 14. Nf3 g6 15.
c4 Ne8 16. Qc2 Bf6 17. Bd2 Kg7 18. g3 Nc7 19. a4 Re8 20. Rf2 Na6 21. a5 Kg8 22.
h4 Nb4 23. Qb3 Bg7 24. Bxb4 cxb4 25. Qxb4 Nc5 26. Bf1 Re3 27. Ra3 Qe7 28. Rxe3
Qxe3 29. Kg2 Re8 30. Qb5 Re7 31. b4 Ne4 32. Re2 Qc1 33. a6 b6 34. Qc6 Bf6 35.
h5 gxh5 36. Qc8+ Kg7 37. Qh3 Kf8 38. Qxh5 Qxf1+ 39. Kxf1 Nxg3+ 0-1

[Event "VI Festival A"]
[Site "Cesenatico ITA"]
[Date "2001.09.12"]
[Round "5"]
[White "Antkowiak, Grzegorz"]
[Black "Drazic, Sinisa"]
[Result "1-0"]
[WhiteElo "2222"]
[BlackElo "2480"]
[PlyCount "141"]
[EventDate "2001.09.09"]

1. e4 Nf6 2. e5 Nd5 3. d4 d6 4. Nf3 Nb6 5. Be2 g6 6. Nc3 Bg7 7. Bf4 Nc6 8. exd6
exd6 9. Qd2 Bg4 10. O-O-O O-O 11. Bh6 Re8 12. Bxg7 Kxg7 13. h3 Bxf3 14. Bxf3 d5
15. Qf4 Nb4 16. h4 h6 17. a3 Na6 18. Be2 Nb8 19. Bd3 c6 20. h5 g5 21. Qf5 Qf6
22. Qh7+ Kf8 23. Rh3 N8d7 24. Rf3 Qg7 25. Qf5 Re7 26. Ne2 Rae8 27. Ng3 Nc8 28.
Qg6 Qxg6 29. hxg6 Nd6 30. Rh1 Re1+ 31. Rxe1 Rxe1+ 32. Kd2 Re6 33. Nh5 Kg8 34.
gxf7+ Nxf7 35. Bf5 Re7 36. Kd3 Nb6 37. Bg6 Re6 38. Nf6+ Kg7 39. Bxf7 Kxf7 40.
Nxd5+ Kg6 41. Nxb6 axb6 42. g4 Re1 43. Re3 Rd1+ 44. Kc3 Kf7 45. f3 Kf6 46. a4
Kf7 47. b3 Kf6 48. Kc4 Kf7 49. c3 Rb1 50. Kb4 Rd1 51. Re5 Rf1 52. Rf5+ Kg6 53.
Rf8 Rf2 54. c4 Rd2 55. Rb8 b5 56. axb5 cxb5 57. Kxb5 Rxd4 58. Rxb7 Rd3 59. b4
Rxf3 60. c5 Rc3 61. Rb6+ Kg7 62. Rd6 Kf7 63. c6 Ke7 64. Rd4 h5 65. gxh5 g4 66.
Rxg4 Kd6 67. Rd4+ Kc7 68. Rd7+ Kc8 69. Kb6 Re3 70. Rg7 Re8 71. h6 1-0

[Event "VI Festival A"]
[Site "Cesenatico ITA"]
[Date "2001.09.12"]
[Round "5"]
[White "Mrdja, Milan"]
[Black "Kunze, Holger"]
[Result "1-0"]
[WhiteElo "2399"]
[BlackElo "2220"]
[PlyCount "53"]
[EventDate "2001.09.09"]

1. e4 c6 2. d4 d5 3. Nd2 dxe4 4. Nxe4 Nf6 5. Nxf6+ gxf6 6. c3 Bf5 7. Ne2 Nd7 8.
a4 h5 9. h4 Qc7 10. Nf4 Bg4 11. Be2 e5 12. Nxh5 Bxh5 13. Bxh5 exd4 14. Qe2+ Be7
15. Bg4 O-O-O 16. Kf1 f5 17. Bxf5 Bxh4 18. Qe4 Bf6 19. Rxh8 Rxh8 20. Bf4 Qd8
21. g4 Re8 22. Qf3 Be5 23. Rd1 Qe7 24. Bxe5 Qxe5 25. Rxd4 Qe1+ 26. Kg2 Rh8 27.
Rd1 1-0

[Event "VI Festival A"]
[Site "Cesenatico ITA"]
[Date "2001.09.12"]
[Round "5"]
[White "Roos, Michael"]
[Black "Trevelyan, John"]
[Result "1-0"]
[WhiteElo "2294"]
[BlackElo "2145"]
[PlyCount "79"]
[EventDate "2001.09.09"]

1. d4 d6 2. e4 e5 3. Nf3 Nd7 4. Bc4 c6 5. O-O Be7 6. dxe5 dxe5 7. Ng5 Bxg5 8.
Qh5 Qe7 9. Bxg5 Ngf6 10. Qe2 h6 11. Bd2 b5 12. Bd3 Nc5 13. b4 Nxd3 14. cxd3 O-O
15. Rc1 Bb7 16. Be3 Rfd8 17. Bc5 Qd7 18. Rc3 Ne8 19. Nd2 Nc7 20. Nf3 Re8 21. d4
Nd5 22. Rb3 Nf4 23. Qd2 Qg4 24. Ne1 exd4 25. f3 Qg5 26. Rd1 a5 27. Bd6 Ne6 28.
f4 Qd8 29. e5 axb4 30. f5 Ng5 31. Qxd4 Rxa2 32. h4 Nh7 33. Rg3 Ra3 34. Nf3 Qc8
35. e6 f6 36. Qg4 Ng5 37. hxg5 fxg5 38. Qh5 c5 39. Qf7+ Kh8 40. Be5 1-0

[Event "VI Festival A"]
[Site "Cesenatico ITA"]
[Date "2001.09.13"]
[Round "6"]
[White "Bonanzinga, Corrado"]
[Black "Ventura, Sergio"]
[Result "0-1"]
[WhiteElo "2130"]
[BlackElo "2192"]
[PlyCount "70"]
[EventDate "2001.09.09"]

1. e4 Nc6 2. d4 e5 3. dxe5 Nxe5 4. Nc3 Bc5 5. Bf4 d6 6. Nf3 Ng6 7. Bg3 Nf6 8.
Bc4 O-O 9. Qd3 a6 10. O-O-O Bg4 11. h3 Bh5 12. Bh2 Bxf3 13. Qxf3 Nd7 14. Qe2
Qg5+ 15. Kb1 Qxg2 16. Bg3 Nde5 17. Nd5 Nxc4 18. Rh2 Ne3 19. Rxg2 Nxg2 20. Qg4
c6 21. Nc3 Rae8 22. Rg1 h5 23. Qg5 h4 24. Bh2 Bxf2 25. Rxg2 Bc5 26. a3 Re6 27.
Rg4 Rfe8 28. Qd2 Rf6 29. Nd1 Ree6 30. Ne3 Rf3 31. Bg1 Rxh3 32. Nf5 Rh1 33. Nd4
Bxd4 34. Qxd4 Ne5 35. Ka2 Nxg4 0-1

[Event "VI Festival A"]
[Site "Cesenatico ITA"]
[Date "2001.09.13"]
[Round "6"]
[White "Trevelyan, John"]
[Black "Maio, Matteo"]
[Result "1-0"]
[WhiteElo "2145"]
[BlackElo "2089"]
[PlyCount "107"]
[EventDate "2001.09.09"]

1. d4 Nf6 2. c4 g6 3. Nc3 Bg7 4. e4 d6 5. Be2 O-O 6. Bg5 c5 7. d5 b5 8. cxb5 a6
9. a4 Qa5 10. Bd2 Nbd7 11. Nf3 Qd8 12. O-O axb5 13. axb5 Rxa1 14. Qxa1 Bb7 15.
h3 Qc7 16. Be3 e6 17. Bc4 Ra8 18. Qd1 Nb6 19. Qb3 exd5 20. exd5 Qd7 21. Bg5 Qf5
22. Rd1 h6 23. Bd3 Qd7 24. Bxf6 Bxf6 25. Ne4 Bg7 26. Bc2 Ra5 27. Nc3 Qd8 28.
Be4 Qa8 29. Nh2 Qe8 30. Qc2 f5 31. Bf3 Qe5 32. Qc1 Qe8 33. Re1 Qa8 34. Qe3 Ra1
35. Qe6+ Kh7 36. Rxa1 Qxa1+ 37. Nf1 Qxb2 38. Qxd6 Nc4 39. Qc7 Qxc3 40. Qxb7 Qe1
41. b6 Nd2 42. Be2 Qxe2 43. Nxd2 Qxd2 44. Qc7 Qe1+ 45. Kh2 Qe5+ 46. f4 Qxd5 47.
b7 c4 48. b8=Q c3 49. Qba7 Qg8 50. Qxc3 Kh8 51. Qcc7 Kh7 52. Qf7 Qxf7 53. Qxf7
h5 54. g4 1-0

[Event "VI Festival A"]
[Site "Cesenatico ITA"]
[Date "2001.09.14"]
[Round "7"]
[White "Maksimovic, Suzana"]
[Black "Voiska, Margarita"]
[Result "0-1"]
[WhiteElo "2294"]
[BlackElo "2296"]
[PlyCount "76"]
[EventDate "2001.09.09"]

1. d4 c5 2. e3 g6 3. Nf3 Bg7 4. c4 Nf6 5. Nc3 O-O 6. Be2 d6 7. O-O Nc6 8. d5
Na5 9. Nd2 e6 10. a3 b6 11. Rb1 Re8 12. b4 Nb7 13. dxe6 Bxe6 14. Bf3 d5 15. Bb2
Rb8 16. cxd5 Nxd5 17. Nxd5 Bxd5 18. Bxg7 Kxg7 19. Qa4 Bxf3 20. Nxf3 Qc7 21.
Rfd1 Red8 22. Rxd8 Nxd8 23. bxc5 bxc5 24. Rxb8 Qxb8 25. h4 Ne6 26. Qd7 Qb1+ 27.
Kh2 Qb2 28. Nd2 c4 29. Ne4 Qe5+ 30. Ng3 c3 31. Qc6 Qc5 32. Qxc5 Nxc5 33. Ne2 c2
34. Nc1 a5 35. a4 Nxa4 36. Kg1 Nc5 37. Kf1 a4 38. Ke1 Nb3 0-1

[Event "VI Festival A"]
[Site "Cesenatico ITA"]
[Date "2001.09.14"]
[Round "7"]
[White "Roos, Michael"]
[Black "Rossi, Giampiero"]
[Result "1-0"]
[WhiteElo "2294"]
[BlackElo "2119"]
[PlyCount "61"]
[EventDate "2001.09.09"]

1. e4 c5 2. d3 Nc6 3. g3 e6 4. Bg2 g6 5. f4 Nge7 6. Nf3 Bg7 7. O-O O-O 8. c3 b6
9. Be3 d5 10. e5 Bb7 11. Bf2 Qc7 12. Qe2 Rad8 13. Nbd2 Rd7 14. g4 Rc8 15. Nh4
Nd8 16. Bg3 Nec6 17. Rae1 Re7 18. Ndf3 Qd7 19. Bh3 Re8 20. Qd2 d4 21. c4 Nb4
22. a3 Bxf3 23. Nxf3 Nbc6 24. Bh4 Nb8 25. Bf6 Qc7 26. Ng5 Nd7 27. Bxg7 Kxg7 28.
Ne4 Nb7 29. f5 Kh8 30. Qh6 Rg8 31. Ng5 1-0

[Event "VI Festival A"]
[Site "Cesenatico ITA"]
[Date "2001.09.14"]
[Round "7"]
[White "Stantic, Severino"]
[Black "Bonanzinga, Corrado"]
[Result "1-0"]
[WhiteElo "2126"]
[BlackElo "2130"]
[PlyCount "65"]
[EventDate "2001.09.09"]

1. c4 e5 2. Nc3 Nf6 3. g3 Nc6 4. Bg2 g6 5. Nf3 Bg7 6. d3 O-O 7. O-O d6 8. Be3
Ng4 9. Bg5 f6 10. Bd2 f5 11. Qc1 Be6 12. Ng5 Bd7 13. Bd5+ Kh8 14. Nf7+ Rxf7 15.
Bxf7 Qf6 16. Bd5 e4 17. dxe4 Nd4 18. exf5 Bxf5 19. Bg2 Re8 20. e3 Nc6 21. Nd5
Qd8 22. Bc3 Nce5 23. h3 Nh6 24. e4 Bd7 25. f4 Nef7 26. Bxg7+ Kxg7 27. Qc3+ Kf8
28. Nf6 Re6 29. e5 Bc6 30. Bd5 Re7 31. e6 Nf5 32. exf7 Bxd5 33. Nxd5 1-0

[Event "VI Festival A"]
[Site "Cesenatico ITA"]
[Date "2001.09.15"]
[Round "8"]
[White "Zilahi, Gabor"]
[Black "Ventura, Sergio"]
[Result "1-0"]
[WhiteElo "2130"]
[BlackElo "2192"]
[PlyCount "54"]
[EventDate "2001.09.09"]

1. Nf3 Nc6 2. d4 d5 3. Bf4 Nf6 4. h3 Bf5 5. c3 e6 6. Nbd2 Bd6 7. Bxd6 cxd6 8.
Nh4 Be4 9. Qb3 Rb8 10. e3 h6 11. Be2 O-O 12. O-O Kh8 13. Nhf3 Rg8 14. Nh2 Bh7
15. Rac1 g5 16. f4 Ne4 17. Nxe4 Bxe4 18. Bf3 gxf4 19. Bxe4 dxe4 20. Rxf4 Qg5
21. Qc2 e5 22. Rxf7 Qxe3+ 23. Kh1 Qg5 24. Rcf1 exd4 25. cxd4 h5 26. R1f5 Qh4
27. Qf2 Qxf2 1-0

[Event "VI Festival A"]
[Site "Cesenatico ITA"]
[Date "2001.09.16"]
[Round "9"]
[White "Brancaleoni, Maurizio"]
[Black "Rossi, Giampiero"]
[Result "1-0"]
[WhiteElo "2196"]
[BlackElo "2119"]
[PlyCount "120"]
[EventDate "2001.09.09"]

1. e4 c5 2. b3 e6 3. Nf3 d6 4. Bb5+ Bd7 5. Bxd7+ Qxd7 6. O-O Nf6 7. Re1 Nc6 8.
c4 Be7 9. Nc3 O-O 10. d4 cxd4 11. Nxd4 Rfd8 12. Bb2 a6 13. Nxc6 Qxc6 14. Rc1
Rab8 15. Re3 b6 16. Qe2 Qb7 17. a4 Ne8 18. Rh3 g6 19. f4 Bf6 20. Rf1 Bg7 21. f5
Qe7 22. Qf3 Rdc8 23. Kh1 Rc7 24. Qf2 Rcb7 25. Rf3 Be5 26. Bc1 Bxc3 27. Rxc3
exf5 28. exf5 b5 29. fxg6 fxg6 30. Bg5 Qg7 31. Qd2 Rf7 32. Rxf7 Qxf7 33. Rf3
Qe6 34. axb5 axb5 35. Bh6 Ng7 36. Bxg7 Kxg7 37. g3 bxc4 38. Qc3+ Kg8 39. bxc4
Rb1+ 40. Kg2 Qe5 41. Qxe5 dxe5 42. Rc3 Kg7 43. Kf3 Kf6 44. Ke3 Ke6 45. Kf3 Rf1+
46. Ke3 Re1+ 47. Kd2 Ra1 48. c5 Ra7 49. c6 Rc7 50. Ke3 Kd5 51. Rd3+ Kxc6 52.
Ke4 Re7 53. Rc3+ Kd6 54. Rd3+ Ke6 55. Rd5 Rd7 56. Rxd7 Kxd7 57. Kxe5 Ke7 58. g4
Kf7 59. g5 Kg7 60. Ke6 Kg8 1-0

[Event "VI Festival A"]
[Site "Cesenatico ITA"]
[Date "2001.09.16"]
[Round "9"]
[White "Voiska, Margarita"]
[Black "Drazic, Sinisa"]
[Result "0-1"]
[WhiteElo "2296"]
[BlackElo "2480"]
[PlyCount "66"]
[EventDate "2001.09.09"]

1. Nf3 Nf6 2. c4 e6 3. g3 a6 4. Bg2 b5 5. d3 c5 6. O-O Bb7 7. e4 d6 8. b3 Be7
9. Bb2 O-O 10. Nc3 bxc4 11. bxc4 Nc6 12. Ne2 Nd7 13. Rb1 Rb8 14. Ne1 Ba8 15. f4
Qa5 16. Bc3 Rxb1 17. Qxb1 Qa4 18. Qa1 Bf6 19. Bxf6 Nxf6 20. Nc3 Qa5 21. Nc2 Rb8
22. Rb1 Rxb1+ 23. Nxb1 Nd4 24. Qb2 h5 25. Nxd4 Qe1+ 26. Bf1 cxd4 27. Nd2 Qe3+
28. Kg2 h4 29. c5 dxc5 30. Nc4 Qe1 31. Be2 hxg3 32. hxg3 Bxe4+ 33. dxe4 Nxe4
0-1

[Event "VIII Festival A"]
[Site "Campobasso ITA"]
[Date "2001.09.09"]
[Round "6"]
[White "Collutiis, Duilio"]
[Black "Ferri, Stefano"]
[Result "1-0"]
[WhiteElo "2289"]
[BlackElo "2107"]
[PlyCount "89"]
[EventDate "2001.09.07"]

1. e4 c5 2. Nc3 Nc6 3. Nge2 e6 4. g3 g6 5. d4 cxd4 6. Nxd4 a6 7. Bg2 Bg7 8. Be3
Nge7 9. O-O O-O 10. a4 d6 11. Nb3 Qc7 12. a5 Bd7 13. Bb6 Qb8 14. f4 Nc8 15. Be3
N6e7 16. Qd2 b5 17. Nd4 Nc6 18. f5 Bxd4 19. Bxd4 Nxd4 20. Qxd4 Qa7 21. Rad1
Qxd4+ 22. Rxd4 Ra7 23. f6 h6 24. Na2 Bc6 25. Nb4 Ba8 26. Rc1 Rd8 27. c4 Kf8 28.
c5 Ke8 29. cxd6 Nxd6 30. Rcd1 Rad7 31. Nxa6 e5 32. R4d2 Nb7 33. Rxd7 Rxd7 34.
Rc1 Kd8 35. Bh3 Nxa5 36. Bxd7 Kxd7 37. Nc5+ Kd6 38. b4 Nc6 39. Rd1+ Nd4 40. Ra1
Bc6 41. Ra7 Nc2 42. Rxf7 Nxb4 43. Ra7 Be8 44. Re7 Bc6 45. Re6+ 1-0

[Event "III Open"]
[Site "Crema ITA"]
[Date "2001.09.07"]
[Round "1"]
[White "Ausmins, Elmar"]
[Black "Masotti, Roberto"]
[Result "1-0"]
[WhiteElo "2345"]
[BlackElo "1639"]
[PlyCount "69"]
[EventDate "2001.09.07"]

1. d4 d5 2. Nf3 Nf6 3. c4 c6 4. Nc3 e6 5. Bg5 dxc4 6. e4 b5 7. e5 h6 8. Bh4 g5
9. Nxg5 hxg5 10. Bxg5 Nbd7 11. g3 Bb7 12. Bg2 Qb6 13. exf6 O-O-O 14. O-O b4 15.
Na4 Qb5 16. h4 Bh6 17. Bxh6 Rxh6 18. b3 c3 19. a3 c5 20. d5 Nb6 21. axb4 Nxd5
22. Nxc5 Bc6 23. Qc1 Rh5 24. Rxa7 Nxb4 25. Bxc6 Qxc6 26. Qxc3 Qxc5 27. Qxc5+
Rxc5 28. Rxf7 Rc7 29. Rxc7+ Kxc7 30. g4 Nd5 31. g5 Nf4 32. Rc1+ Kb7 33. Rc4 Nh5
34. Re4 Re8 35. Rxe6 1-0

[Event "III Open"]
[Site "Crema ITA"]
[Date "2001.09.07"]
[Round "1"]
[White "Biava, Pierluigi"]
[Black "Capata, Ion"]
[Result "0-1"]
[WhiteElo "1525"]
[BlackElo "1948"]
[PlyCount "66"]
[EventDate "2001.09.07"]

1. e4 e5 2. Nf3 Nc6 3. Bb5 Nf6 4. Qe2 Bc5 5. O-O O-O 6. c3 Re8 7. d3 h6 8. Be3
Bb6 9. h3 d5 10. Na3 Bd7 11. Rad1 Qe7 12. exd5 Nxd5 13. Nc4 e4 14. dxe4 Qxe4
15. Nxb6 axb6 16. c4 Nxe3 17. Qxe3 Qg6 18. Nh4 Qf6 19. Qg3 Be6 20. Nf3 Re7 21.
Bxc6 bxc6 22. Ne5 Bf5 23. f4 Rxa2 24. Qb3 Ra8 25. g4 Bg6 26. Qf3 Rxe5 27. fxe5
Qxe5 28. Qxc6 Be4 29. Qxa8+ Bxa8 30. Rd8+ Kh7 31. Rxa8 Qg3+ 32. Kh1 Qxh3+ 33.
Kg1 Qxg4+ 0-1

[Event "III Open"]
[Site "Crema ITA"]
[Date "2001.09.07"]
[Round "1"]
[White "Bosi, Roberto"]
[Black "Pinotti, Claudio"]
[Result "1/2-1/2"]
[WhiteElo "1434"]
[BlackElo "1810"]
[PlyCount "102"]
[EventDate "2001.09.07"]

1. d4 d6 2. c4 Nf6 3. Nc3 Nbd7 4. e4 e5 5. d5 Be7 6. Bd3 c6 7. Be3 Qc7 8. Rc1
O-O 9. Nge2 Ng4 10. Qd2 Nxe3 11. Qxe3 a5 12. Ng3 g6 13. h4 Qd8 14. Kd2 Bxh4 15.
Rxh4 Qxh4 16. Rh1 Qf4 17. Qxf4 exf4 18. Nge2 f3 19. gxf3 Ne5 20. f4 Nxd3 21.
Kxd3 Bg4 22. Nd4 cxd5 23. Nxd5 Kg7 24. Rg1 Be6 25. Nxe6+ fxe6 26. Nc7 Kf6 27.
Nxa8 Rxa8 28. Rh1 h5 29. Kd4 Rh8 30. Rh3 h4 31. f3 b6 32. a3 e5+ 33. fxe5+
dxe5+ 34. Kd5 g5 35. Kc6 Ke6 36. Kxb6 Rb8+ 37. Kxa5 Rxb2 38. Rh1 Rb3 39. Rf1
Rxa3+ 40. Kb4 Rd3 41. c5 h3 42. Kc4 Rd2 43. Rh1 h2 44. Kc3 Rf2 45. Kc4 Ra2 46.
Kb5 Kd7 47. c6+ Kd6 48. Rd1+ Kc7 49. Rd7+ Kc8 50. Rh7 Rb2+ 51. Kc5 Rd2 1/2-1/2

[Event "III Open"]
[Site "Crema ITA"]
[Date "2001.09.07"]
[Round "1"]
[White "Brioschi, Camillo"]
[Black "Volpati, Antonio"]
[Result "0-1"]
[WhiteElo "1807"]
[BlackElo "1419"]
[PlyCount "164"]
[EventDate "2001.09.07"]

1. d4 d5 2. c4 e5 3. dxe5 d4 4. Nf3 Nc6 5. g3 Bg4 6. Bg2 Qd7 7. a3 O-O-O 8. Bg5
Be7 9. Bxe7 Ngxe7 10. Nbd2 Bh3 11. Bxh3 Qxh3 12. Ne4 Ng6 13. Nc5 Ngxe5 14. Nxe5
Nxe5 15. Qa4 Kb8 16. Qb5 Qg2 17. O-O-O Qc6 18. Qxc6 Nxc6 19. Rd3 Rhe8 20. Re1
Ne5 21. Rb3 b6 22. Nd3 Nxc4 23. Rb5 g6 24. h4 Kc8 25. h5 c6 26. Rb4 Ne5 27.
Nxe5 Rxe5 28. Rh1 g5 29. Kd2 c5 30. Rb3 h6 31. f4 Rf5 32. fxg5 Rxg5 33. Rf3 f5
34. Rhf1 Rf8 35. Rh1 Rfg8 36. Rh3 R8g7 37. Kd3 Kd7 38. e3 dxe3 39. Rxe3 Re7 40.
Rf3 Kc6 41. Rh4 b5 42. Rhf4 Rd7+ 43. Kc3 Rd5 44. Rh4 a5 45. Rh1 Rd4 46. Rhf1
Rd5 47. Rh1 Re5 48. Kd3 c4+ 49. Kd2 Kc5 50. Rh4 Rd5+ 51. Kc2 Rd4 52. Rh1 Rd3
53. Rxd3 cxd3+ 54. Kxd3 Rxg3+ 55. Kc2 Rg5 56. Rh4 Rg4 57. Rh3 Rc4+ 58. Kd3 Rd4+
59. Ke3 Kd5 60. Rh2 Ke5 61. Kf3 Rd3+ 62. Ke2 Ke4 63. Rg2 Rh3 64. Rg7 Rxh5 65.
Ra7 Rh2+ 66. Kf1 Kf3 67. Kg1 Rxb2 68. Rxa5 h5 69. a4 bxa4 70. Rxf5+ Kg4 71. Ra5
Ra2 72. Ra8 Ra1+ 73. Kg2 h4 74. Rg8+ Kf5 75. Rf8+ Kg5 76. Rg8+ Kf6 77. Rg4 Ra2+
78. Kh3 Ra1 79. Kxh4 Rh1+ 80. Kg3 Rg1+ 81. Kf3 Rxg4 82. Kxg4 a3 0-1

[Event "III Open"]
[Site "Crema ITA"]
[Date "2001.09.07"]
[Round "1"]
[White "Ceresoli, Luigi"]
[Black "Schingaro, Angelo"]
[Result "1-0"]
[WhiteElo "2176"]
[BlackElo "1573"]
[PlyCount "83"]
[EventDate "2001.09.07"]

1. e4 d6 2. d4 Nf6 3. Nc3 g6 4. Bg5 h6 5. Bh4 Bg7 6. Nf3 Bg4 7. h3 Bxf3 8. Qxf3
Nbd7 9. Be2 e5 10. d5 a6 11. Qe3 Nb6 12. a4 Nc8 13. O-O Ne7 14. a5 g5 15. Bg3
Nd7 16. Bh2 O-O 17. Nd1 f5 18. f3 Rf7 19. g4 fxe4 20. fxe4 Nf6 21. Qd3 Qd7 22.
Ne3 Ng6 23. Nf5 Nf4 24. Bxf4 gxf4 25. Kf2 Kh8 26. h4 Rg8 27. g5 Nxe4+ 28. Qxe4
Qxf5 29. Qxf5 Rxf5 30. Bg4 Rgf8 31. Bxf5 Rxf5 32. Kf3 hxg5 33. Kg4 Rf7 34. hxg5
Kg8 35. Ra4 c5 36. dxc6 bxc6 37. Rb4 d5 38. Rb6 e4 39. Rxf4 Rxf4+ 40. Kxf4 Kf7
41. Rxc6 Bxb2 42. Rxa6 1-0

[Event "III Open"]
[Site "Crema ITA"]
[Date "2001.09.07"]
[Round "1"]
[White "Di Giovanni, Isidoro"]
[Black "Manzoni, Alessandro"]
[Result "0-1"]
[WhiteElo "1540"]
[BlackElo "2053"]
[PlyCount "132"]
[EventDate "2001.09.07"]

1. e4 d6 2. d4 Nf6 3. Nc3 g6 4. Bc4 Bg7 5. Nf3 O-O 6. O-O Nxe4 7. Bxf7+ Rxf7 8.
Nxe4 Bg4 9. Neg5 Rf8 10. h3 Bxf3 11. Nxf3 e5 12. c3 Kh8 13. dxe5 dxe5 14. Qb3
b6 15. Ng5 Qe7 16. Ne6 Re8 17. Rd1 Bf6 18. Bg5 Qxe6 19. Bxf6+ Qxf6 20. Qd5 Na6
21. Qb5 Nc5 22. b4 Ne4 23. Rd7 c6 24. Qc4 Qe6 25. Qd3 Qf5 26. f3 Nf6 27. Qxf5
gxf5 28. Rf7 Rf8 29. Re7 e4 30. fxe4 Nxe4 31. Rd1 Rfd8 32. Rf1 Rf8 33. Rf4 Rae8
34. Rxa7 Ra8 35. Re7 Kg8 36. g4 Nxc3 37. gxf5 Rxa2 38. Rg4+ Kh8 39. Rgg7 Rg8
40. f6 Rxg7+ 41. Rxg7 Nd5 42. Rf7 Kg8 43. Rg7+ Kf8 44. Rxh7 Nxf6 45. Rc7 Rc2
46. b5 c5 47. Rc6 Nd7 48. h4 Rc4 49. h5 Rf4 50. Rd6 Ke7 51. Rg6 Nf6 52. h6 c4
53. Rg7+ Kf8 54. Rc7 Kg8 55. Rc6 Nd5 56. Rd6 c3 57. Rxd5 c2 58. Rd8+ Rf8 59.
h7+ Kxh7 60. Rd7+ Kg6 61. Rc7 Rf5 62. Rxc2 Rxb5 63. Kf1 Kf5 64. Ke2 Ke4 65.
Rc4+ Kd5 66. Kd3 Rb1 0-1

[Event "III Open"]
[Site "Crema ITA"]
[Date "2001.09.07"]
[Round "1"]
[White "Folcini, Gaddo"]
[Black "Bonade', Massimo"]
[Result "0-1"]
[WhiteElo "1365"]
[BlackElo "1798"]
[PlyCount "88"]
[EventDate "2001.09.07"]

1. d4 d5 2. e4 dxe4 3. Bc4 Nf6 4. Bg5 Bg4 5. f3 exf3 6. Nxf3 e6 7. O-O Be7 8.
Qd3 O-O 9. Bxf6 Bxf6 10. Nbd2 Nc6 11. c3 Na5 12. h3 Bf5 13. Qe2 Nxc4 14. Nxc4
Qd5 15. Ne3 Qe4 16. Nd2 Qd3 17. Qf2 Bg6 18. Ng4 Be7 19. Ne5 Qf5 20. Qe2 Qh5 21.
Rf3 c5 22. g4 Qg5 23. Raf1 cxd4 24. cxd4 Rad8 25. Ne4 Bxe4 26. Qxe4 Bf6 27.
Rxf6 gxf6 28. Nf3 Qg6 29. Qxb7 Rb8 30. Qxa7 Rxb2 31. Rf2 Rfb8 32. Rxb2 Rxb2 33.
Qa8+ Kg7 34. Ne1 Qh6 35. Qf3 Qd2 36. Ng2 Qxd4+ 37. Kh2 Rxa2 38. h4 Rf2 39. Qg3
Rf1 40. g5 f5 41. h5 Qg1+ 42. Kh3 Qh1+ 43. Qh2 Rf3+ 44. Kh4 Qxh2# 0-1

[Event "III Open"]
[Site "Crema ITA"]
[Date "2001.09.07"]
[Round "1"]
[White "Gualazzi, Paolo"]
[Black "Bonazzi, Edoardo"]
[Result "0-1"]
[WhiteElo "1564"]
[BlackElo "2108"]
[PlyCount "120"]
[EventDate "2001.09.07"]

1. e4 c5 2. Nc3 Nc6 3. g3 g6 4. Bg2 Bg7 5. d3 e6 6. Nf3 Nge7 7. O-O O-O 8. Bd2
Rb8 9. a4 a6 10. Qc1 Re8 11. Bh6 Bh8 12. Bf4 d6 13. Re1 Qc7 14. h3 b5 15. axb5
axb5 16. Nh2 Nd4 17. Ng4 b4 18. Ne2 e5 19. Nh6+ Kf8 20. Be3 Bg7 21. Qd1 Be6 22.
Nxd4 cxd4 23. Bd2 Rec8 24. Rc1 Qd7 25. Kh2 Qa4 26. Ng4 h5 27. Nh6 Rc7 28. g4
hxg4 29. Nxg4 Rbc8 30. c4 Qxd1 31. Rexd1 f5 32. Nh6 Ra7 33. Kg3 Ra2 34. Rb1 b3
35. Kh2 Ke8 36. Bf3 Kd7 37. Rg1 Bxh6 38. Bxh6 Rh8 39. Bg5 fxe4 40. Bxe4 Bxh3
41. Bxe7 Kxe7 42. Rg3 Bf5+ 43. Kg2 Kf6 44. Bd5 Rb8 45. Be4 Bxe4+ 46. dxe4 Ra5
47. Rf3+ Ke6 48. Rg3 Kf6 49. Rf3+ Kg7 50. Rh1 Rc5 51. Rc1 Rb4 52. Rh3 Kf6 53.
Rf3+ Ke6 54. Rg3 Rcxc4 55. Rxc4 Rxc4 56. Rxb3 Rc2 57. Rg3 Rxb2 58. Rxg6+ Kd7
59. Rg7+ Kc6 60. Rg3 Kc5 0-1

[Event "III Open"]
[Site "Crema ITA"]
[Date "2001.09.07"]
[Round "1"]
[White "Libutti, Michele"]
[Black "Drei, Andrea"]
[Result "0-1"]
[WhiteElo "1618"]
[BlackElo "2269"]
[PlyCount "40"]
[EventDate "2001.09.07"]

1. d4 Nf6 2. c4 e6 3. Nc3 Bb4 4. e3 b6 5. Nf3 c5 6. Bd3 Bb7 7. O-O Bxc3 8. bxc3
O-O 9. Re1 Ne4 10. Qc2 f5 11. d5 exd5 12. cxd5 Bxd5 13. c4 Bb7 14. Bb2 Qe7 15.
Rad1 Nc6 16. a3 d6 17. Nd2 Nxd2 18. Rxd2 Ne5 19. Bf1 Nf3+ 20. gxf3 Qg5+ 0-1